000 00806cam a2200229 a 4500
001 000005927
005 20200929151837.0
008 791009s1979 sp 000 0 spa
020 _a8400044207
040 _aDO-SdBNP
_bspa
_cBNPHU
082 _a861.64
_bT277b
100 1 _aTello Aina, Rosendo,
_d1931-
_916713
245 1 0 _aBaladas a dos cuerdas /
_cRosendo Tello Aina.
260 _aZaragoza, España :
_bInstitución "Fernando el Católico",
_c1979.
300 _a74 p. ;
_c25 cm.
490 1 _aSan Jorge
_vvol. 20
490 1 _aPublicación de la Institución "Fernando el Católico"
_v707
650 4 _aBaladas españolas
_916714
650 4 _aLiteratura española
_ySIGLO XXI
_94846
830 0 _aSan Jorge
_n20
_916715
830 0 _aPublicación de la Institución "Fernando el Católico"
_n707
_916716
999 _c5723
_d5723